| 000 | 00429nam a2200181Ia 4500 | ||
|---|---|---|---|
| 001 | 13077 | ||
| 005 | 20260306163027.0 | ||
| 008 | 260306t2001||||xx |||||||||||||| ||spa|| | ||
| 041 | _aESP | ||
| 082 |
_aRD 808.882 _bA |
||
| 100 |
_aOrtega Blake, Arturo _eAUT |
||
| 245 | 0 | _aAntología de frases latinas | |
| 260 | _c2001 | ||
| 300 |
_a309 páginas : _c23 cm. |
||
| 650 | _aGEN | ||
| 654 | _aCHU | ||
| 942 |
_cLIB _dJUS _fJUS _2ddc _n |
||
| 999 |
_c13077 _d13077 |
||